000 00405nam a22001337a 4500
020 _a978-1-119-01227
082 _a624.1
_bYEO
_cN-02,P-99
100 _aYeomans, David T
_951713
245 _aHow structures work
_bDesign and behavior from bridges to buildings
260 _aindia,
_bJohn Wiley & Sons,
_c2016.
300 _a255p.
_c24cm
526 _a0
_b0
_c0
_d624_100000000000000_YEO
942 _2ddc
_cBK
999 _c554274
_d554274